California picks the president Quiz Stats

 Plays Quiz not verified by Sporcle

Challenge
Share
Tweet
Embed
Score 0/22 Timer 07:00
0 Plays Today
President Year % Correct
2008, 2012Barack Obama
98.5%
1992, 1996Bill Clinton
98.1%
1980, 1984Ronald Reagan
96.3%
1988George H. W. Bush
96.3%
1968, 1972Richard Nixon
91.5%
1904Theodore Roosevelt
91.1%
1932, 1936, 1940, 1944Franklin D. Roosevelt
91.1%
1860, 1864Abraham Lincoln
88.5%
1952, 1956Dwight D. Eisenhower
87.8%
1964Lyndon B, Johnson
87%
1948Harry S. Truman
85.2%
President Year % Correct
1928Herbert Hoover
83.3%
1916Woodrow Wilson
81.9%
1908William Howard Taft
78.1%
1868, 1872Ulysses S. Grant
77.8%
1924Calvin Coolidge
77.4%
1920Warren G, Harding
68.5%
1900William McKinley
67.8%
1888Benjamin Harrison
67%
1856James Buchanan
65.9%
1876Reutherford B. Hayes
63.3%
1852Franklin Pierce
62.6%

You're not logged in!

Compare scores with friends on all Sporcle quizzes.
Join for Free
OR
Log In

You Might Also Like...

Show Comments

Extras

Top Quizzes Today


Score Distribution

Your Account Isn't Verified!

In order to create a playlist on Sporcle, you need to verify the email address you used during registration. Go to your Sporcle Settings to finish the process.

Report this User

Report this user for behavior that violates our Community Guidelines.

Details: